000 01197cam a22002771i 4500
003 SA-RiAUC
005 20250729060349.0
008 250729s2002____su g 000 0bara c
040 _aSA-MdTU
_bara
_cSA-RiAUC
_erda
050 4 _bA45 2002
082 0 4 _a239.9
_qSA-RiAUC
090 _a239.9 ع ا م
_bع ا م
100 1 _aالعامري، ماجد إبراهيم
_eمؤلف.
245 1 0 _aسيد الشهداء :
_bحمزة بن عبد المطلب رضي الله عنه /
_cتأليف ماجد إبراهيم العامري.
250 _aالطبعة الثانية، منقحة.
264 1 _aالمدينة المنورة :
_bماجد إبراهيم العامري،
_c2002
300 _a128 صفحة ؛
_c24 سم
336 _aنص
_btxt
_2rdacontent
_3كتاب
337 _aبدون وسيط
_bn
_2rdamedia
338 _aمجلد
_bnc
_2rdacarrier
600 0 7 _aحمزة بن عبد المطلب بن هاشم القرشي،
_d54 قبل الهجرة-3 هجري
_2aucnm
650 7 _aالصحابة والتابعون
_vتراجم
_2aucsh
650 7 _aأهل بيت الرسول
_vتراجم
_2aucsh
942 _2ddc
_cBOOK
_n0
949 _aSA-JeALM
_d250729
_umohamedma123
_n1
999 _c10367
_d10367